Представление документа в формате MARC21

Поле Инд. ПП Название Значение
Тип записи a
Библиографический уровень b
001 Контрольный номер RU/IS/BASE/283522351
005 Дата корректировки 20220715140335.2
008 Кодируемые данные 20081225
040 b Код языка каталог. rus
e Правила каталог. PSBO
041 0_ a Код языка текста rus
084 a Индекс другой классификации/Индекс ББК 60.524.224.67
100 1_ a Автор Квиткина Л. Г.
q Полное имя Квиткина Людмила Григорьевна
100 1_ a Автор Гриднева Е. Н.
q Полное имя Гриднева Елена Николаевна
245 10 a Заглавие Особенности воздействия тенденции глокализации на сферу брендинга
504 a Библиография Библиогр. ссылки. - Примеч.
650 a Основная рубрика социология
a Основная рубрика экономическая социология
653 a Ключевые слова брендинг
a Ключевые слова глокализация
a Ключевые слова постиндустриальное общество
a Ключевые слова реклама
a Ключевые слова социальная ответственность бизнеса
a Ключевые слова социальные коммуникации
a Ключевые слова социология рекламы
773 t Заглавие источника Вестник Московского университета. Серия 18, Социология и политология
d Дата издания источника 2008
g Прочая информация № 1. - С. 118 - 123
w Контрольный № источника RU/IS/BASE/279889919
901 t Тип документа b